[Event "DEM U12 2025"]
[Site "Willingen GER"]
[Date "2025.06.09"]
[Round "3"]
[White "Shneider, Illia"]
[Black "Serwane, Ruben"]
[Result "0-1"]
[Termination "normal"]
[Board "23"]
[WhiteElo "1799"]
[BlackElo "1854"]
[WhiteClock "00:14:42"]
[BlackClock "00:52:52"]
[PlyCount "134"]
[WhiteFideId "34166300"]
[BlackFideId "34660232"]
[EventCountry "GER"]
[EventRounds "9"]
[EventType "swiss"]
[EventDate "2025.06.07"]

1. e4 {[%clk 01:30:57]} {[%emt 00:00:02]} c5 {[%clk 01:30:41]} {[%emt
00:00:21]} 2. d3 {[%clk 01:31:18]} {[%emt 00:00:08]} d6 {[%clk 01:30:34]}
{[%emt 00:00:36]} 3. Nf3 {[%clk 01:31:38]} {[%emt 00:00:10]} Nc6 {[%clk
01:30:18]} {[%emt 00:00:46]} 4. c3 {[%clk 01:31:59]} {[%emt 00:00:09]} g6
{[%clk 01:30:22]} {[%emt 00:00:27]} 5. g3 {[%clk 01:32:18]} {[%emt 00:00:11]}
Bg7 {[%clk 01:30:23]} {[%emt 00:00:29]} 6. Bg2 {[%clk 01:32:37]} {[%emt
00:00:09]} Nf6 {[%clk 01:30:28]} {[%emt 00:00:26]} 7. O-O {[%clk 01:32:53]}
{[%emt 00:00:13]} O-O {[%clk 01:30:11]} {[%emt 00:00:48]} 8. Re1 {[%clk
01:33:03]} {[%emt 00:00:20]} e5 {[%clk 01:29:36]} {[%emt 00:01:06]} 9. a3
{[%clk 01:22:42]} {[%emt 00:10:52]} a5 {[%clk 01:27:22]} {[%emt 00:02:43]} 10.
a4 {[%clk 01:14:10]} {[%emt 00:09:02]} h6 {[%clk 01:26:28]} {[%emt 00:01:23]}
11. h3 {[%clk 01:14:14]} {[%emt 00:00:27]} Be6 {[%clk 01:20:19]} {[%emt
00:06:39]} 12. Be3 {[%clk 01:08:52]} {[%emt 00:05:52]} Ne8 {[%clk 01:11:00]}
{[%emt 00:09:48]} 13. Qd2 {[%clk 01:07:36]} {[%emt 00:01:47]} Kh7 {[%clk
01:10:11]} {[%emt 00:01:19]} 14. Nh2 {[%clk 01:00:50]} {[%emt 00:07:16]} f5
{[%clk 01:08:29]} {[%emt 00:02:12]} 15. exf5 {[%clk 00:54:24]} {[%emt
00:06:56]} Bxf5 {[%clk 01:07:47]} {[%emt 00:01:11]} 16. f4 {[%clk 00:50:12]}
{[%emt 00:04:43]} exf4 {[%clk 01:05:44]} {[%emt 00:02:32]} 17. Bxf4 {[%clk
00:50:06]} {[%emt 00:00:36]} Ne5 {[%clk 01:04:24]} {[%emt 00:01:50]} 18. Re3
{[%clk 00:45:31]} {[%emt 00:05:05]} Rb8 {[%clk 01:03:25]} {[%emt 00:01:29]} 19.
Na3 {[%clk 00:44:34]} {[%emt 00:01:28]} g5 {[%clk 01:01:07]} {[%emt 00:02:47]}
20. Bxe5 {[%clk 00:44:26]} {[%emt 00:00:38]} Bxe5 {[%clk 01:01:07]} {[%emt
00:00:30]} 21. Nc4 {[%clk 00:44:00]} {[%emt 00:00:57]} Bg7 {[%clk 01:01:00]}
{[%emt 00:00:36]} 22. Rae1 {[%clk 00:42:57]} {[%emt 00:01:34]} Nf6 {[%clk
00:58:17]} {[%emt 00:03:13]} 23. g4 {[%clk 00:28:57]} {[%emt 00:14:29]} Bg6
{[%clk 00:57:20]} {[%emt 00:01:27]} 24. Kh1 {[%clk 00:26:27]} {[%emt 00:03:00]}
Bf7 {[%clk 00:56:09]} {[%emt 00:01:41]} 25. Qf2 {[%clk 00:24:26]} {[%emt
00:02:31]} Bxc4 {[%clk 00:50:37]} {[%emt 00:06:03]} 26. Qf5+ {[%clk 00:24:38]}
{[%emt 00:00:17]} Kh8 {[%clk 00:50:33]} {[%emt 00:00:34]} 27. dxc4 {[%clk
00:24:56]} {[%emt 00:00:13]} Nd7 {[%clk 00:50:22]} {[%emt 00:00:40]} 28. Qc2
{[%clk 00:23:15]} {[%emt 00:02:11]} Ne5 {[%clk 00:49:20]} {[%emt 00:01:33]} 29.
Qe2 {[%clk 00:23:31]} {[%emt 00:00:14]} Qd7 {[%clk 00:48:28]} {[%emt 00:01:21]}
30. b3 {[%clk 00:23:36]} {[%emt 00:00:25]} Rf4 {[%clk 00:47:41]} {[%emt
00:01:17]} 31. Nf3 {[%clk 00:21:27]} {[%emt 00:02:40]} Rbf8 {[%clk 00:44:37]}
{[%emt 00:03:34]} 32. Nxe5 {[%clk 00:21:17]} {[%emt 00:00:40]} Bxe5 {[%clk
00:44:47]} {[%emt 00:00:20]} 33. Qd3 {[%clk 00:21:14]} {[%emt 00:00:33]} Qf7
{[%clk 00:44:02]} {[%emt 00:01:14]} 34. Be4 {[%clk 00:18:56]} {[%emt 00:02:47]}
h5 {[%clk 00:38:27]} {[%emt 00:06:06]} 35. Bf5 {[%clk 00:18:03]} {[%emt
00:01:24]} hxg4 {[%clk 00:35:08]} {[%emt 00:03:48]} 36. hxg4 {[%clk 00:18:16]}
{[%emt 00:00:17]} Kg7 {[%clk 00:34:09]} {[%emt 00:01:30]} 37. Rh3 {[%clk
00:17:46]} {[%emt 00:01:00]} Rh8 {[%clk 00:33:50]} {[%emt 00:00:48]} 38. Rxh8
{[%clk 00:17:17]} {[%emt 00:00:59]} Kxh8 {[%clk 00:34:05]} {[%emt 00:00:15]}
39. Qh3+ {[%clk 00:16:55]} {[%emt 00:00:52]} Kg8 {[%clk 00:32:29]} {[%emt
00:02:06]} 40. Qh6 {[%clk 00:13:07]} {[%emt 00:04:18]} Qg7 {[%clk 00:29:12]}
{[%emt 00:03:48]} 41. Qe6+ {[%clk 00:11:41]} {[%emt 00:01:55]} Qf7 {[%clk
00:28:21]} {[%emt 00:01:22]} 42. Qc8+ {[%clk 00:02:03]} {[%emt 00:10:08]} Kg7
{[%clk 00:27:35]} {[%emt 00:01:15]} 43. Qd8 {[%clk 00:01:36]} {[%emt 00:00:57]}
Rxf5 {[%clk 00:25:11]} {[%emt 00:02:54]} 44. gxf5 {[%clk 00:01:22]} {[%emt
00:00:44]} Qh5+ {[%clk 00:25:22]} {[%emt 00:00:19]} 45. Kg1 {[%clk 00:00:57]}
{[%emt 00:00:55]} Qg4+ {[%clk 00:25:16]} {[%emt 00:00:36]} 46. Kf1 {[%clk
00:01:12]} {[%emt 00:00:16]} Qxf5+ {[%clk 00:24:23]} {[%emt 00:01:23]} 47. Kg1
{[%clk 00:01:26]} {[%emt 00:00:16]} Qg4+ {[%clk 00:23:56]} {[%emt 00:00:57]}
48. Kf1 {[%clk 00:01:39]} {[%emt 00:00:18]} Qh3+ {[%clk 00:23:49]} {[%emt
00:00:36]} 49. Ke2 {[%clk 00:30:00]} {[%emt 00:02:09]} Qg2+ {[%clk 00:53:28]}
{[%emt 00:00:50]} 50. Kd1 {[%clk 00:29:50]} {[%emt 00:00:40]} Qf3+ {[%clk
00:53:06]} {[%emt 00:00:52]} 51. Re2 {[%clk 00:29:37]} {[%emt 00:00:43]} Qf1+
{[%clk 00:53:11]} {[%emt 00:00:24]} 52. Re1 {[%clk 00:15:29]} {[%emt 00:14:39]}
Qd3+ {[%clk 00:53:21]} {[%emt 00:00:20]} 53. Kc1 {[%clk 00:15:50]} {[%emt
00:00:10]} Qxc3+ {[%clk 00:53:19]} {[%emt 00:00:31]} 54. Kd1 {[%clk 00:16:13]}
{[%emt 00:00:08]} Qd3+ {[%clk 00:53:33]} {[%emt 00:00:16]} 55. Kc1 {[%clk
00:16:26]} {[%emt 00:00:17]} Bf4+ {[%clk 00:53:53]} {[%emt 00:00:09]} 56. Kb2
{[%clk 00:16:30]} {[%emt 00:00:28]} Qd2+ {[%clk 00:54:13]} {[%emt 00:00:09]}
57. Ka3 {[%clk 00:16:51]} {[%emt 00:00:08]} Qxe1 {[%clk 00:54:28]} {[%emt
00:00:14]} 58. Qd7+ {[%clk 00:15:37]} {[%emt 00:01:45]} Kh6 {[%clk 00:53:16]}
{[%emt 00:01:42]} 59. Qh3+ {[%clk 00:15:53]} {[%emt 00:00:14]} Qh4 {[%clk
00:53:09]} {[%emt 00:00:36]} 60. Qe6+ {[%clk 00:15:59]} {[%emt 00:00:25]} Kh5
{[%clk 00:53:20]} {[%emt 00:00:18]} 61. Qe2+ {[%clk 00:15:48]} {[%emt
00:00:43]} Qg4 {[%clk 00:53:00]} {[%emt 00:00:49]} 62. Qe8+ {[%clk 00:15:58]}
{[%emt 00:00:20]} Kh4 {[%clk 00:53:21]} {[%emt 00:00:10]} 63. Qe1+ {[%clk
00:16:05]} {[%emt 00:00:21]} Kh3 {[%clk 00:52:49]} {[%emt 00:01:02]} 64. Qf1
{[%clk 00:15:52]} {[%emt 00:00:43]} Kh2 {[%clk 00:52:45]} {[%emt 00:00:35]} 65.
Qa1 {[%clk 00:15:37]} {[%emt 00:00:45]} Qe2 {[%clk 00:52:30]} {[%emt 00:00:45]}
66. Qh8+ {[%clk 00:15:47]} {[%emt 00:00:20]} Kg2 {[%clk 00:52:43]} {[%emt
00:00:17]} 67. Qa1 {[%clk 00:14:42]} {[%emt 00:01:36]} Qc2 {[%clk 00:52:52]}
{[%emt 00:00:20]} 0-1

[Event "DEM U12 2025"]
[Site "Willingen GER"]
[Date "2025.06.09"]
[Round "3"]
[White "Wettstein, Levin"]
[Black "Wingerath, Felix"]
[Result "0-1"]
[Termination "normal"]
[Board "24"]
[WhiteElo "1760"]
[BlackElo "1767"]
[WhiteClock "00:06:48"]
[BlackClock "00:18:25"]
[PlyCount "98"]
[WhiteFideId "34635866"]
[BlackFideId "34614834"]
[EventCountry "GER"]
[EventRounds "9"]
[EventType "swiss"]
[EventDate "2025.06.07"]

1. e4 {[%clk 01:30:58]} {[%emt 00:00:02]} c5 {[%clk 01:30:53]} {[%emt
00:00:07]} 2. Nc3 {[%clk 01:31:23]} {[%emt 00:00:06]} Nc6 {[%clk 01:30:59]}
{[%emt 00:00:23]} 3. Nf3 {[%clk 01:31:45]} {[%emt 00:00:08]} g6 {[%clk
01:31:06]} {[%emt 00:00:23]} 4. d4 {[%clk 01:32:04]} {[%emt 00:00:10]} cxd4
{[%clk 01:31:17]} {[%emt 00:00:21]} 5. Nxd4 {[%clk 01:32:26]} {[%emt 00:00:08]}
Bg7 {[%clk 01:31:27]} {[%emt 00:00:19]} 6. Be3 {[%clk 01:32:47]} {[%emt
00:00:08]} Nf6 {[%clk 01:31:37]} {[%emt 00:00:21]} 7. Bc4 {[%clk 01:32:46]}
{[%emt 00:00:32]} O-O {[%clk 01:31:47]} {[%emt 00:00:18]} 8. Qd2 {[%clk
01:32:34]} {[%emt 00:00:43]} Ng4 {[%clk 01:31:27]} {[%emt 00:00:50]} 9. Nxc6
{[%clk 01:27:45]} {[%emt 00:05:19]} dxc6 {[%clk 01:30:24]} {[%emt 00:01:33]}
10. f3 {[%clk 01:23:48]} {[%emt 00:04:27]} Nxe3 {[%clk 01:28:58]} {[%emt
00:01:57]} 11. Qxe3 {[%clk 01:23:41]} {[%emt 00:00:37]} a5 {[%clk 01:28:08]}
{[%emt 00:01:20]} 12. a3 {[%clk 01:21:11]} {[%emt 00:03:00]} b5 {[%clk
01:26:52]} {[%emt 00:01:45]} 13. Bb3 {[%clk 01:20:52]} {[%emt 00:00:50]} Ba6
{[%clk 01:21:23]} {[%emt 00:05:59]} 14. Rd1 {[%clk 01:14:06]} {[%emt 00:07:16]}
Qc7 {[%clk 01:21:03]} {[%emt 00:00:50]} 15. Qc5 {[%clk 01:11:19]} {[%emt
00:03:17]} Qb7 {[%clk 01:17:00]} {[%emt 00:04:33]} 16. Kf2 {[%clk 01:08:14]}
{[%emt 00:03:35]} Qa7 {[%clk 01:09:56]} {[%emt 00:07:34]} 17. Qxa7 {[%clk
01:06:06]} {[%emt 00:02:38]} Rxa7 {[%clk 01:10:07]} {[%emt 00:00:20]} 18. Rd2
{[%clk 01:05:00]} {[%emt 00:01:35]} b4 {[%clk 01:02:47]} {[%emt 00:07:51]} 19.
axb4 {[%clk 01:01:00]} {[%emt 00:04:29]} axb4 {[%clk 01:03:00]} {[%emt
00:00:17]} 20. Na4 {[%clk 00:59:52]} {[%emt 00:01:38]} Bb5 {[%clk 01:02:52]}
{[%emt 00:00:39]} 21. Nb6 {[%clk 00:54:52]} {[%emt 00:05:30]} Bxb2 {[%clk
01:01:15]} {[%emt 00:02:07]} 22. Nd7 {[%clk 00:52:29]} {[%emt 00:02:52]} Rfa8
{[%clk 00:55:13]} {[%emt 00:06:32]} 23. Nb6 {[%clk 00:46:37]} {[%emt 00:06:22]}
Rb8 {[%clk 00:52:30]} {[%emt 00:03:14]} 24. Nd7 {[%clk 00:45:21]} {[%emt
00:01:46]} Re8 {[%clk 00:52:09]} {[%emt 00:00:50]} 25. Nc5 {[%clk 00:42:50]}
{[%emt 00:03:00]} e5 {[%clk 00:45:28]} {[%emt 00:07:12]} 26. Nd3 {[%clk
00:40:48]} {[%emt 00:02:32]} Bd4+ {[%clk 00:45:17]} {[%emt 00:00:41]} 27. Kg3
{[%clk 00:39:55]} {[%emt 00:01:24]} c5 {[%clk 00:44:41]} {[%emt 00:01:06]} 28.
Bd5 {[%clk 00:38:46]} {[%emt 00:01:38]} Ra3 {[%clk 00:37:11]} {[%emt 00:07:59]}
29. Nf2 {[%clk 00:35:34]} {[%emt 00:03:43]} Kg7 {[%clk 00:33:29]} {[%emt
00:04:12]} 30. Rb1 {[%clk 00:32:05]} {[%emt 00:03:58]} Bd7 {[%clk 00:28:15]}
{[%emt 00:05:45]} 31. Nd3 {[%clk 00:21:22]} {[%emt 00:11:13]} Be6 {[%clk
00:27:27]} {[%emt 00:01:18]} 32. Bxe6 {[%clk 00:18:37]} {[%emt 00:03:15]} Rxe6
{[%clk 00:27:43]} {[%emt 00:00:13]} 33. Rdd1 {[%clk 00:17:55]} {[%emt
00:01:11]} Rb6 {[%clk 00:25:27]} {[%emt 00:02:46]} 34. Nc1 {[%clk 00:16:24]}
{[%emt 00:02:01]} c4 {[%clk 00:21:03]} {[%emt 00:04:54]} 35. h3 {[%clk
00:14:24]} {[%emt 00:02:30]} b3 {[%clk 00:20:29]} {[%emt 00:01:05]} 36. cxb3
{[%clk 00:10:26]} {[%emt 00:04:28]} c3 {[%clk 00:18:18]} {[%emt 00:02:41]} 37.
Rxd4 {[%clk 00:09:24]} {[%emt 00:01:32]} exd4 {[%clk 00:18:38]} {[%emt
00:00:10]} 38. Kf2 {[%clk 00:09:25]} {[%emt 00:00:28]} Rba6 {[%clk 00:18:19]}
{[%emt 00:00:50]} 39. Ke2 {[%clk 00:08:40]} {[%emt 00:01:15]} Ra1 {[%clk
00:18:42]} {[%emt 00:00:06]} 40. Rxa1 {[%clk 00:09:00]} {[%emt 00:00:11]} Rxa1
{[%clk 00:19:06]} {[%emt 00:00:06]} 41. Nd3 {[%clk 00:08:45]} {[%emt 00:00:45]}
Rb1 {[%clk 00:18:52]} {[%emt 00:00:44]} 42. b4 {[%clk 00:07:46]} {[%emt
00:01:28]} Rb2+ {[%clk 00:17:29]} {[%emt 00:01:53]} 43. Ke1 {[%clk 00:07:46]}
{[%emt 00:00:30]} Rxg2 {[%clk 00:17:32]} {[%emt 00:00:26]} 44. b5 {[%clk
00:06:52]} {[%emt 00:01:25]} Rb2 {[%clk 00:17:48]} {[%emt 00:00:14]} 45. h4
{[%clk 00:06:07]} {[%emt 00:01:15]} Rxb5 {[%clk 00:18:11]} {[%emt 00:00:07]}
46. Kd1 {[%clk 00:06:30]} {[%emt 00:00:06]} Rb1+ {[%clk 00:18:15]} {[%emt
00:00:26]} 47. Kc2 {[%clk 00:06:49]} {[%emt 00:00:11]} Rh1 {[%clk 00:18:22]}
{[%emt 00:00:26]} 48. Nf4 {[%clk 00:06:32]} {[%emt 00:00:45]} Rxh4 {[%clk
00:18:07]} {[%emt 00:00:43]} 49. Ne2 {[%clk 00:06:48]} {[%emt 00:00:16]} Rh2
{[%clk 00:18:25]} {[%emt 00:00:12]} 0-1

[Event "DEM U12 2025"]
[Site "Willingen GER"]
[Date "2025.06.09"]
[Round "3"]
[White "Braren, Ove Neelis"]
[Black "Baumann, Simon"]
[Result "1-0"]
[Termination "normal"]
[Board "25"]
[WhiteElo "1716"]
[BlackElo "1713"]
[WhiteClock "00:14:13"]
[BlackClock "00:35:43"]
[PlyCount "107"]
[WhiteFideId "34663770"]
[BlackFideId "34643664"]
[EventCountry "GER"]
[EventRounds "9"]
[EventType "swiss"]
[EventDate "2025.06.07"]

1. e4 {[%clk 01:30:43]} {[%emt 00:00:16]} e6 {[%clk 01:30:56]} {[%emt
00:00:05]} 2. d4 {[%clk 01:30:48]} {[%emt 00:00:24]} d5 {[%clk 01:31:21]}
{[%emt 00:00:05]} 3. exd5 {[%clk 01:30:43]} {[%emt 00:00:36]} exd5 {[%clk
01:31:45]} {[%emt 00:00:06]} 4. Nf3 {[%clk 01:30:45]} {[%emt 00:00:28]} Nf6
{[%clk 01:32:11]} {[%emt 00:00:04]} 5. Bd3 {[%clk 01:30:41]} {[%emt 00:00:34]}
Bd6 {[%clk 01:32:37]} {[%emt 00:00:04]} 6. Qe2+ {[%clk 01:30:59]} {[%emt
00:00:12]} Be7 {[%clk 01:33:05]} {[%emt 00:00:02]} 7. O-O {[%clk 01:30:26]}
{[%emt 00:01:03]} O-O {[%clk 01:33:22]} {[%emt 00:00:13]} 8. c3 {[%clk
01:26:39]} {[%emt 00:04:17]} Re8 {[%clk 01:32:59]} {[%emt 00:00:53]} 9. Qc2
{[%clk 01:19:10]} {[%emt 00:07:58]} Be6 {[%clk 01:28:44]} {[%emt 00:04:46]} 10.
Bf4 {[%clk 01:18:56]} {[%emt 00:00:43]} Nbd7 {[%clk 01:28:53]} {[%emt
00:00:22]} 11. Nbd2 {[%clk 01:18:58]} {[%emt 00:00:28]} c5 {[%clk 01:28:52]}
{[%emt 00:00:30]} 12. Rfe1 {[%clk 01:18:04]} {[%emt 00:01:25]} Rc8 {[%clk
01:27:58]} {[%emt 00:01:23]} 13. h3 {[%clk 01:09:45]} {[%emt 00:08:49]} h6
{[%clk 01:23:28]} {[%emt 00:05:01]} 14. Nf1 {[%clk 00:54:31]} {[%emt 00:15:41]}
c4 {[%clk 01:22:52]} {[%emt 00:01:10]} 15. Bf5 {[%clk 00:52:41]} {[%emt
00:02:18]} Bxf5 {[%clk 01:20:56]} {[%emt 00:02:27]} 16. Qxf5 {[%clk 00:53:07]}
{[%emt 00:00:04]} Ne4 {[%clk 01:20:24]} {[%emt 00:01:02]} 17. Qxd5 {[%clk
00:51:18]} {[%emt 00:02:18]} Ndf6 {[%clk 01:19:20]} {[%emt 00:01:35]} 18. Qxd8
{[%clk 00:44:47]} {[%emt 00:07:01]} Rcxd8 {[%clk 01:17:45]} {[%emt 00:02:05]}
19. Ne5 {[%clk 00:43:09]} {[%emt 00:02:06]} Rc8 {[%clk 01:13:28]} {[%emt
00:04:49]} 20. f3 {[%clk 00:41:28]} {[%emt 00:02:11]} Ng5 {[%clk 01:12:51]}
{[%emt 00:01:07]} 21. a4 {[%clk 00:39:48]} {[%emt 00:02:10]} Nd5 {[%clk
01:12:35]} {[%emt 00:00:46]} 22. Bh2 {[%clk 00:39:35]} {[%emt 00:00:40]} a5
{[%clk 01:12:10]} {[%emt 00:00:58]} 23. Nd2 {[%clk 00:39:32]} {[%emt 00:00:31]}
Nb6 {[%clk 01:11:38]} {[%emt 00:01:04]} 24. Kf2 {[%clk 00:30:02]} {[%emt
00:10:00]} Nh7 {[%clk 01:02:15]} {[%emt 00:09:53]} 25. f4 {[%clk 00:24:52]}
{[%emt 00:05:40]} Nf6 {[%clk 00:58:18]} {[%emt 00:04:27]} 26. f5 {[%clk
00:23:24]} {[%emt 00:01:59]} Kf8 {[%clk 00:55:01]} {[%emt 00:03:47]} 27. g4
{[%clk 00:21:23]} {[%emt 00:02:29]} Nfd5 {[%clk 00:52:25]} {[%emt 00:03:07]}
28. Kf3 {[%clk 00:19:22]} {[%emt 00:02:31]} Bh4 {[%clk 00:49:34]} {[%emt
00:03:21]} 29. Bg3 {[%clk 00:19:17]} {[%emt 00:00:34]} Bxg3 {[%clk 00:49:17]}
{[%emt 00:00:47]} 30. Kxg3 {[%clk 00:19:45]} {[%emt 00:00:03]} f6 {[%clk
00:48:19]} {[%emt 00:01:29]} 31. Ng6+ {[%clk 00:18:29]} {[%emt 00:01:46]} Kf7
{[%clk 00:48:14]} {[%emt 00:00:35]} 32. Ne4 {[%clk 00:17:09]} {[%emt 00:01:48]}
Rcd8 {[%clk 00:46:57]} {[%emt 00:01:48]} 33. Kf3 {[%clk 00:15:44]} {[%emt
00:01:54]} Nc8 {[%clk 00:45:45]} {[%emt 00:01:43]} 34. Nc5 {[%clk 00:15:04]}
{[%emt 00:01:10]} Rxe1 {[%clk 00:45:39]} {[%emt 00:00:37]} 35. Rxe1 {[%clk
00:13:28]} {[%emt 00:02:05]} b6 {[%clk 00:46:01]} {[%emt 00:00:09]} 36. Ne6
{[%clk 00:13:13]} {[%emt 00:00:44]} Re8 {[%clk 00:43:57]} {[%emt 00:02:34]} 37.
Ke4 {[%clk 00:04:46]} {[%emt 00:08:57]} Nc7 {[%clk 00:43:16]} {[%emt 00:01:11]}
38. d5 {[%clk 00:05:13]} {[%emt 00:00:04]} Nd6+ {[%clk 00:39:50]} {[%emt
00:03:55]} 39. Kf3 {[%clk 00:02:46]} {[%emt 00:02:56]} Kg8 {[%clk 00:31:15]}
{[%emt 00:09:06]} 40. Re2 {[%clk 00:02:28]} {[%emt 00:00:48]} Na6 {[%clk
00:27:53]} {[%emt 00:03:53]} 41. Ngf4 {[%clk 00:01:35]} {[%emt 00:01:22]} Kf7
{[%clk 00:26:27]} {[%emt 00:01:56]} 42. Nh5 {[%clk 00:23:47]} {[%emt 00:08:17]}
g5 {[%clk 00:51:55]} {[%emt 00:05:03]} 43. fxg6+ {[%clk 00:23:01]} {[%emt
00:01:16]} Kxg6 {[%clk 00:52:07]} {[%emt 00:00:18]} 44. Ng3 {[%clk 00:19:21]}
{[%emt 00:04:10]} Nc5 {[%clk 00:38:00]} {[%emt 00:14:37]} 45. Nxc5 {[%clk
00:19:05]} {[%emt 00:00:44]} Rxe2 {[%clk 00:37:55]} {[%emt 00:00:37]} 46. Nxe2
{[%clk 00:18:26]} {[%emt 00:01:09]} bxc5 {[%clk 00:38:23]} {[%emt 00:00:03]}
47. Nf4+ {[%clk 00:18:37]} {[%emt 00:00:17]} Kg5 {[%clk 00:37:51]} {[%emt
00:01:02]} 48. Ne6+ {[%clk 00:18:07]} {[%emt 00:01:01]} Kh4 {[%clk 00:38:15]}
{[%emt 00:00:06]} 49. Nxc5 {[%clk 00:18:30]} {[%emt 00:00:07]} Kxh3 {[%clk
00:38:36]} {[%emt 00:00:09]} 50. Ne4 {[%clk 00:17:03]} {[%emt 00:01:57]} Nb7
{[%clk 00:35:32]} {[%emt 00:03:35]} 51. Nxf6 {[%clk 00:15:10]} {[%emt
00:02:21]} Kh4 {[%clk 00:35:52]} {[%emt 00:00:11]} 52. Kf4 {[%clk 00:14:50]}
{[%emt 00:00:49]} Nd8 {[%clk 00:35:20]} {[%emt 00:01:03]} 53. Kf5 {[%clk
00:14:17]} {[%emt 00:01:02]} Nb7 {[%clk 00:35:43]} {[%emt 00:00:09]} 54. Kg6
{[%clk 00:14:13]} {[%emt 00:00:33]} 1-0

[Event "DEM U12 2025"]
[Site "Willingen GER"]
[Date "2025.06.09"]
[Round "3"]
[White "Obermair, Hannes"]
[Black "Geschke, Jonathan"]
[Result "1/2-1/2"]
[Termination "normal"]
[Board "26"]
[WhiteElo "1663"]
[BlackElo "1667"]
[WhiteClock "00:18:26"]
[BlackClock "00:16:20"]
[PlyCount "42"]
[WhiteFideId "34640509"]
[BlackFideId "34636129"]
[EventCountry "GER"]
[EventRounds "9"]
[EventType "swiss"]
[EventDate "2025.06.07"]

1. c4 {[%clk 01:30:58]} {[%emt 00:00:02]} e5 {[%clk 01:30:54]} {[%emt
00:00:07]} 2. Nc3 {[%clk 01:31:23]} {[%emt 00:00:05]} Nf6 {[%clk 01:30:48]}
{[%emt 00:00:36]} 3. g3 {[%clk 01:31:46]} {[%emt 00:00:06]} c6 {[%clk
01:30:36]} {[%emt 00:00:42]} 4. d4 {[%clk 01:31:18]} {[%emt 00:00:58]} e4
{[%clk 01:27:01]} {[%emt 00:04:05]} 5. Bg5 {[%clk 01:29:49]} {[%emt 00:02:00]}
Bb4 {[%clk 01:25:24]} {[%emt 00:02:07]} 6. Qc2 {[%clk 01:24:53]} {[%emt
00:05:25]} d5 {[%clk 01:22:57]} {[%emt 00:02:57]} 7. e3 {[%clk 01:15:54]}
{[%emt 00:09:28]} h6 {[%clk 01:20:21]} {[%emt 00:03:07]} 8. Bxf6 {[%clk
01:14:02]} {[%emt 00:02:21]} Qxf6 {[%emt 00:07:47]} 9. cxd5 {[%clk 01:09:02]}
cxd5 {[%clk 01:14:45]} {[%emt 00:04:20]} 10. Qb3 {[%clk 01:05:42]} {[%emt
00:03:49]} Bxc3+ {[%clk 01:13:18]} {[%emt 00:01:58]} 11. bxc3 {[%clk 01:05:27]}
{[%emt 00:00:46]} Qd6 {[%clk 01:10:30]} {[%emt 00:03:08]} 12. c4 {[%clk
01:01:50]} {[%emt 00:04:16]} dxc4 {[%clk 01:05:47]} {[%emt 00:05:14]} 13. Bxc4
{[%clk 01:00:51]} {[%emt 00:01:26]} O-O {[%clk 01:04:35]} {[%emt 00:01:44]} 14.
Rc1 {[%clk 00:53:58]} {[%emt 00:07:21]} Nc6 {[%clk 01:00:49]} {[%emt 00:04:18]}
15. Bd5 {[%clk 00:41:25]} {[%emt 00:13:03]} Na5 {[%clk 00:51:25]} {[%emt
00:09:53]} 16. Qb5 {[%clk 00:39:44]} {[%emt 00:02:10]} Bd7 {[%clk 00:33:15]}
{[%emt 00:18:42]} 17. Qc5 {[%clk 00:23:40]} {[%emt 00:16:33]} Qa6 {[%clk
00:23:26]} {[%emt 00:10:18]} 18. Bxe4 {[%clk 00:20:46]} {[%emt 00:03:26]} Rac8
{[%clk 00:21:33]} {[%emt 00:02:22]} 19. Qa3 {[%clk 00:19:49]} {[%emt 00:01:28]}
Rxc1+ {[%clk 00:21:17]} {[%emt 00:00:45]} 20. Qxc1 {[%emt 00:00:51]} Rc8 {[%clk
00:21:15]} 21. Qa3 {[%clk 00:18:26]} {[%emt 00:02:04]} Bb5 {[%clk 00:16:20]}
{[%emt 00:05:25]} 1/2-1/2